| 000 | 01429nam a2200217Ia 4500 | ||
|---|---|---|---|
| 003 | Ost | ||
| 005 | 20260507075453.0 | ||
| 008 | 260507s9999||||xx |||||||||||||| ||und|| | ||
| 020 | _a9957480014 | ||
| 040 | _cfsecg | ||
| 041 | _aara | ||
| 082 | _a338.4791 | ||
| 100 |
_aتوفيق ، ماهر عبد العزيز _eمؤلف |
||
| 245 | 0 |
_aصناعة السياحة / _c ماهر عبد العزيز توفيق |
|
| 260 |
_aعمان: _bدار زهرن للنشر, _c2008 |
||
| 300 |
_a259 صفحة؛ _c24 سم |
||
| 504 | _aملاحق ص.243 مراجع ص.250 مصطلحات سياحية ص.221 | ||
| 520 | _aنشأة و تطور السياحة و التطرق الى السياحة و السائح و اهمية السياحة و ارتباط نشاطات السياحة و أركانها مع تناول دوافع السفر و أنواع السياحة و كذا السياحة صناعة مركبة و علاقة السياحة بالعلوم الاخرى و صناعة السياحة و علاقتها بصناعة الفنادق و بصناعة النقل و كذا الاحصاء السياحي و التسويق السياحي و تناول وكيل السفر و الشركات السياحية و المنظمات العالمية التي تعنى بشؤون السياحة ووسائل النهوض بالسياحة و أخيرا الصحة و السفر. | ||
| 653 | _aالسياحة | ||
| 942 | _cكتاب | ||
| 999 |
_c44646 _d44646 |
||